00402nam a2200157 a 45000010005000000030009000050080041000140400028000550820019000831000022001022450010001242600061001343000010001954900018002056500021002232190CO-ViMGA141112s2004 ck r 000 u spa d aCO-ViMGAbspacCO-ViMGA04aCo863.44 R671p1 aRosa, Amira de la10aProsa aSantafé de Bogotá : bSimón y Lola Guberek, c1988 a206 p aLiteraria, 2714aPROSA COLOMBIANA